NCIS Characters by Episode Count - Statistics

General Stats
  • This quiz has been taken 78 times
  • The average score is 13 of 42
Answer Stats
Hint Answer % Correct
452 Timothy McGee
92%
197 Ziva David
84%
309 Anthony DiNozzo
72%
320 Jimmy Palmer
70%
258 Leon Vance
70%
373 Donald Mallard
66%
419 Leroy Gibbs
66%
353 Abby Sciuto
64%
174 Eleanor Bishop
56%
53 Jenny Shepard
56%
55 Tobias Fornell
56%
54 Caitlin Todd
48%
6 Eli David
42%
22 Mike Franks
38%
55 Jessica Knight
36%
161 Nicholas Torres
34%
6 Ari Haswari
30%
28 Clayton Reeves
30%
14 Trent Kort
26%
116 Kasie Hines
24%
24 Alexandra Quinn
22%
13 Anthony DiNozzo Sr
20%
10 Emily Fornell
20%
74 Jacqueline Sloane
20%
7 Abigail Borin
18%
18 Delilah Fielding
18%
4 Jackie Vance
18%
16 Jeanne Benoit
18%
12 Michelle Lee
18%
7 Paula Cassidy
18%
8 EJ Barrett
14%
15 Gerald Jackson
14%
7 Breena Palmer
10%
6 Ned Dorneget
10%
5 Samantha Ryan
10%
7 Michael Rivkin
8%
3 Ray Cruz
8%
4 Rachel Cranston
4%
3 Richard Parsons
4%
52 Aiden Parker
2%
6 Margaret Hart
2%
4 Stan Burley
2%
No matching quizzes found
Score Distribution
Percent of People with Each Score
Percentile by Number Answered
Your Score History
You have not taken this quiz